• 首页
  • 本馆介绍
  • 公告通知
  • 最新文献
  • 馆藏检索
  • 电子资源
  • 读者导购
  • 参考咨询
  • 我的图书馆
  • 登录
  • 详细信息显示
  • 放入我的书架
  • 预约/预借图书
  • 作者相关作品
  • 分类相关作品
  • 丛书相关作品
  • 出版社相关作品

书目信息

  • 表格格式
  • 工作单格式
  • 卡片格式
书名: Working hard and making do
作者: Margaret K. Nelson, Joan Smith.
分册号:
分册名:
出版地: Berkeley, Calif. :
 
出版社: University of California Press
出版时间: c1999.
页数: x, 279 p. :
开本: 24 cm.
丛书名:
中图分类号:
科图分类号:
其他分类号: F41
主题词:
电子资源: http://www.loc.gov/catdir/bios/ucal052/98020758.html      http://www.loc.gov/catdir/description/ucal042/98020758.html      http://lcweb.loc.gov/catdir/toc/98020758.html     
000 01881cam a2200445 a 450
001 E0755029802
005 20070313153700.93
008 980514s1999 caua b 001 0 eng
010    @a98020758
020    @a0520215745 (alk. paper).
020    @a0520215753 (pbk. : alk. paper).
035    @a(DLC) 98020758
040    @aDLC@cDLC@dDLC
043    @an-us---
050 00 @aHD4904.25@b.N45 1999
082 00 @a306.85/2/0973@2 21
090    @aF41
099    @dF41@ex4
100 1  @aNelson, Margaret K.,@d1944-
245 10 @aWorking hard and making do :@bsurviving in small town America / @cMargaret K. Nelson, Joan Smith.
260    @aBerkeley, Calif. :@bUniversity of California Press,@cc1999.
300    @ax, 279 p. :@bill. ;@c24 cm.
504    @aIncludes bibliographical references (p. 253-269) and index.
650  0 @aRural families@zUnited States.
650  0 @aWork and family@zUnited States.
650  0 @aLabor supply@zUnited States.
650  0 @aFamily@zEconomic aspects@xUnited States.
650  0 @aHouseholds@xEconomic aspects@zUnited States.
650  0 @aSociology, Rural@zUnited States.
650  0 @aRural development@zUnited States.
700 1  @aSmith, Joan,@d1935-
856 42 @3 Contributor biographical information@uhttp://www.loc.gov/catdir/bios/ucal052/98020758.html
856 42 @3 Publisher description@uhttp://www.loc.gov/catdir/description/ucal042/98020758.html
856 7  @3 Table of Contents@uhttp://lcweb.loc.gov/catdir/toc/98020758.html@2 http
906    @a7@bcbc@corignew@d1@eocip@f19@gy-gencatlg
920    @a**LC HAS REQ’D # OF SHELF COPIES**
955    @apc05 to sa00 05-14-98; sc00 05-14-98; sc16 05-14-98; sc02 to DDC 05-18-98; CIP ver. se20 05-04-99
985    @eGAP
991    @bc-GenColl@hHD4904.25@i.N45 1999@tCopy 1@wBOOKS
991    @bc-GenColl@hHD4904.25@i.N45 1999@oam@tCopy 1@wBOOKS
    
    Working hard and making do : : surviving in small town America / / Margaret K. Nelson, Joan Smith.-Berkeley, Calif. : : University of California Press, , c1999.
    x, 279 p. : : ill. ; ; 24 cm.
    Includes bibliographical references (p. 253-269) and index.
    
    ISBN 0520215745 (alk. paper).
    
●
相关链接 在E读中查询图书 在五车中查询图书 在当当中查询图书 在豆瓣中查询图书


正题名:Working hard and making do     索取号:F41/x4         预约/预借

序号 登录号 条形码 馆藏地/架位号 状态 备注
1 0001650   300016505   第二样本阅览室/ [索取号:F41/x4] 在馆    
唐山师范学院图书馆 欢迎您!
大连网信软件有限公司© 版权所有